Zavádzanie inovácií v divíznom závode Koksovňa spoločnosti U. S. Steel Košice, s.r.o. bakalárska práca

Salvato in:
Dettagli Bibliografici
Autore principale: Kozáková, Viera
Ente Autore: Podnikovohospodárska fakulta EU so sídlom v Košiciach. Katedra manažmentu
Altri autori: Rusňák, Gejza
Natura: Capitolo di libro
Lingua:slovacco
Pubblicazione: Košice 2010
Tags: Aggiungi Tag
Nessun Tag, puoi essere il primo ad aggiungerne!!

MARC

LEADER 00000naa a2200000 4500
001 0135521
005 20150416101006.2
041 0 |a slo 
044 |a SK 
245 1 0 |a Zavádzanie inovácií v divíznom závode Koksovňa spoločnosti U. S. Steel Košice, s.r.o.  |b bakalárska práca  |c Viera Kozáková ; školiteľ: Gejza Rusňák 
264 1 |a Košice  |c 2010 
300 |a 61 s. 
100 1 |a Kozáková, Viera 
700 1 |a Rusňák, Gejza 
710 2 |a Podnikovohospodárska fakulta EU so sídlom v Košiciach. Katedra manažmentu